000 02247cam a22002054a 4500
005 20250605163955.0
008 250528s ||||||||||||||||||||||||d
035 _a15436
020 _a71005153
040 _aGR-AtMCL
_bgre
_dGR-AtMCL
_eAACR2
245 1 _aManagement Information Systems
260 _bMcgraw Hill Book Company,
_c1989
300 _a726
505 0 _aPreface, Foundations, Introduction to Management Information Systems, Fundamental Types of Management Information Systems, Organizations and Information Systems, Management Decision Making, Personal Management Information Systems, Personal Information Systems: Goals and Applications, Components of Personal Information Systems, Developing Personal Information Systems, Workgroup Management Information Systems, Workgroup Information Systems: Goals and Applications, Components of Workgroup Information Systems, Developing Workgroup Information Systems, Organizational Management Information Systems, Organizational Information Systems: Goals and Applications, Components of Organizational Information Systems, Developing Organizational Information Systems, Decision Support and Expert Systems, Decision Support Systems, Knowledge Representation and Expert Systems, Glossary, Index.
520 _aPreface, Foundations, Introduction to Management Information Systems, Fundamental Types of Management Information Systems, Organizations and Information Systems, Management Decision Making, Personal Management Information Systems, Personal Information Systems: Goals and Applications, Components of Personal Information Systems, Developing Personal Information Systems, Workgroup Management Information Systems, Workgroup Information Systems: Goals and Applications, Components of Workgroup Information Systems, Developing Workgroup Information Systems, Organizational Management Information Systems, Organizational Information Systems: Goals and Applications, Components of Organizational Information Systems, Developing Organizational Information Systems, Decision Support and Expert Systems, Decision Support Systems, Knowledge Representation and Expert Systems, Glossary, Index.
700 1 _aKroenke David
_91359
942 _cBK
999 _c1016
_d1016